| Tag |
First Indicator |
Second Indicator |
Subfields |
| LEADER |
00000cam a2200000 a 4500 |
| 001 |
in00001385213 |
| 005 |
20151019172325.0 |
| 008 |
961115s1997 enka 000 0 eng |
| 010 |
|
|
|a 96039716
|
| 020 |
|
|
|a 1853672696
|
| 035 |
|
|
|a (OCoLC)36001216
|
| 035 |
|
|
|9 AHK8720AM
|
| 040 |
|
|
|a DLC
|c DLC
|d TXA
|d UtOrBLW
|
| 043 |
|
|
|a n-us---
|
| 049 |
|
|
|a TXAM
|
| 050 |
0 |
0 |
|a UA25
|b .A69 1997
|
| 082 |
0 |
0 |
|a 355/.00973/09049
|2 21
|
| 100 |
1 |
|
|a Anderson, Christopher J.
|
| 245 |
1 |
4 |
|a The U.S. Army today :
|b from the end of the Cold War to the present day /
|c Christopher J. Anderson.
|
| 246 |
3 |
|
|a US Army today
|
| 246 |
3 |
|
|a United States Army today
|
| 264 |
|
1 |
|a London :
|b Greenhill Books ;
|a Mechanicsburg, PA :
|b Stackpole Books,
|c 1997.
|
| 300 |
|
|
|a 80 pages :
|b illustrations (some color) ;
|c 26 cm.
|
| 336 |
|
|
|a text
|b txt
|2 rdacontent
|
| 337 |
|
|
|a unmediated
|b n
|2 rdamedia
|
| 338 |
|
|
|a volume
|b nc
|2 rdacarrier
|
| 490 |
1 |
|
|a The G.I. series ;
|v 8
|
| 500 |
|
|
|a Series number from CIP data.
|
| 610 |
1 |
0 |
|a United States.
|b Army
|x History
|y 20th century.
|
| 650 |
|
0 |
|a World politics
|y 1989-
|
| 830 |
|
0 |
|a G.I. series ;
|v 8.
|
| 999 |
|
|
|a MARS
|
| 999 |
f |
f |
|s 4d28bb0b-8275-34e7-b7d1-fd3a4ba8b1f4
|i 4ea892d2-7cbb-3233-b969-cb4771398b2a
|t 0
|
| 952 |
f |
f |
|p normal
|a Texas A&M University
|b College Station
|c Sterling C. Evans Library
|d Evans: Library Stacks
|t 0
|e UA25 .A69 1997
|h Library of Congress classification
|i unmediated -- volume
|m A14821461959
|
| 998 |
f |
f |
|a UA25 .A69 1997
|t 0
|l Evans: Library Stacks
|